Le livre des fais et bonnes meurs du sage roy charles v. tomo 1 /

Guardado en:
Autor Principal: Pisan, Christine De
Formato: Libro
Publicado: Paris : Librairie Ancinne Honore Champion, 1936
Materias:
Etiquetas: Agregar Etiqueta
Sin Etiquetas, Sea el primero en etiquetar este registro!
LEADER 00555nam a22001575a 4500
001 EHU.bham015921
003 AR-BHAM
005 20080618163642.0
008 130507s1936##################000#0#####d
082 9 4 |a 944.02 
100 1 |a Pisan, Christine De 
245 1 0 |a Le livre des fais et bonnes meurs du sage roy charles v. tomo 1 /  |c Christine De Pisan 
260 |a Paris :  |b Librairie Ancinne Honore Champion,  |c 1936 
500 |a Material Extraviado 
653 |a Historia de francia-987-1589 
859 |a AR-BHAM  |b BIB. HUMANIDADES - No Disponible  |h 944.02  |i P671  |p 97.60  |t Ej.1  |v CN426